The One After the One After That Quiz Stats

Quiz Updated Jun 30, 2015

Challenge
Share
Tweet
Embed
Score 0/20 Timer 04:00
1 Play Today
Person or Thing Skip Ahead 2! % Correct
U.S. President: George Washington - 1797Thomas Jefferson
91.6%
U.K. Prime Minister: Margaret Thatcher - 1990Tony Blair
79%
World Cup Winner: Brazil - 2002Spain
74.8%
German Chancellor: Franz von Papen - 1932Adolf Hitler
70.3%
Roman Catholic Pope: Paul VI - 1978John Paul II
68.6%
NBA MVP: Hakeem Olajuwon - 1994Michael Jordan
59.4%
Super Bowl Winner: New Orleans Saints - 2010New York Giants
55.2%
English Monarch: King George IV - 1830Queen Victoria
53.7%
Super Bowl loser: Buffalo Bills - 1991Buffalo Bills
52.6%
World Series Winner: Anaheim Angels - 2002Boston Red Sox
52.3%
Person or Thing Skip Ahead 2! % Correct
Harry Potter Book: Chamber of SecretsGoblet of Fire
50.1%
U.S. President: Grover Cleveland - 1889Grover Cleveland
49.6%
Grammy Best New Artist: Robert Goulet - 1963The Beatles
40.4%
Masters winner: Ben Crenshaw - 1984Jack Nicklaus
39.7%
Countries alphabetically: KosovoKyrgyzstan
31.9%
Emmy Best Comedy: All in the Family - 1972M*A*S*H
26%
Nobel Peace Prize: Linus Pauling - 1962Martin Luther King Jr.
24.1%
Oscar Best Picture: The Silence of the Lambs - 1991Schindler's List
22.2%
U.N. Secretary General: Dag Hammarskjöld - 1961Kurt Waldheim
8.4%
Periodic table elements: Selenium - #34Krypton
7%

You're not logged in!

Compare scores with friends on all Sporcle quizzes.
Join for Free
OR
Log In

You Might Also Like...

Show Comments

Extras

Top Quizzes Today


Score Distribution

Your Account Isn't Verified!

In order to create a playlist on Sporcle, you need to verify the email address you used during registration. Go to your Sporcle Settings to finish the process.

Report this User

Report this user for behavior that violates our Community Guidelines.

Details: